| 000 | 02240cam0 2200445 ib4500 | ||
|---|---|---|---|
| 001 | BY-MI0015-br581721 | ||
| 005 | 20251029163305.0 | ||
| 010 |
^a978-985-545-281-3 ^d4р.80к. |
||
| 035 | ^a(BY-MI0006)BY-MI0015-br581721 | ||
| 035 | ^a(BY-MI0015)BY-MI0015-br581721 | ||
| 100 | ^a20250716d2025 b y0bely50 ca | ||
| 101 | 1 |
^abel ^cger |
|
| 102 | ^aBY | ||
| 105 | ^aa z 000oy | ||
| 109 | ^ama | ||
| 200 | 1 |
^aСапраўднае сяброўства ^eнямецкая народная казка ^e[для старэйшага дашкольнага ўзросту ^fпераказ Дзмітрыя Харчанкі ^gмастак Сяргей Самсоненка] |
|
| 210 |
^aМінск ^cВыдавецтва Дзмітрыя Харчанкі ^d2025 |
||
| 215 |
^a[16] с., разам з вокладкай ^cкаляр. іл. ^d22 см |
||
| 225 | 1 |
^aМяцеліца ^dМетелица ^zrus |
|
| 333 | ^a0+ | ||
| 345 | ^9700 экз. | ||
| 606 | 0 |
^aКАЗКІ ^3BY-NLB-ar2690407 ^2DVNLB |
|
| 606 | 0 |
^aСКАЗКИ ^3BY-NLB-ar2690406 ^2DVNLB |
|
| 606 | 0 |
^aДЗІЦЯЧАЯ І ЮНАЦКАЯ ЛІТАРАТУРА ^3BY-NLB-ar2691729 ^2DVNLB |
|
| 606 | 0 |
^aДЕТСКАЯ И ЮНОШЕСКАЯ ЛИТЕРАТУРА ^3BY-NLB-ar2691728 ^2DVNLB |
|
| 608 |
^aСКАЗКА ^3BY-NLB-ar30342 ^2BYGNR |
||
| 608 |
^aКАЗКА ^3BY-NLB-ar30343 ^2BYGNR |
||
| 608 |
^aДЗІЦЯЧАЯ І ЮНАЦКАЯ ЛІТАРАТУРА (мастацкі твор) ^3BY-NLB-ar9020 ^2BYGNR |
||
| 608 |
^aДЕТСКАЯ И ЮНОШЕСКАЯ ЛИТЕРАТУРА (художеств. произведение) ^3BY-NLB-ar9019 ^2BYGNR |
||
| 615 |
^aБелорусский национальный документ ^3BY-SEK-ar1826174 |
||
| 686 |
^a84 ^2rubbk |
||
| 690 |
^a1 ^2Base ^9BY-MI0006 ^xRSEK |
||
| 702 | 1 |
^aХарчанка ^bД. В. ^gДзмітрый Віленавіч ^cвыдавец ^cпісьменнік ^fнар. 1971 ^3BY-NLB-ar14986666 ^4730 |
|
| 702 | 1 |
^aСамсоненка ^bС. А. ^gСяргей А. ^cмастак ^3BY-SEK-ar10962069 ^4040 |
|
| 801 | 0 |
^aBY ^bBY-MI0015 ^c20250716 ^gRCR |
|
| 801 | 2 |
^aBY ^bBY-MI0006 ^c20251029 ^gRCR |
|
| 899 | 0 |
^aBY-MI0006 ^iС19 ^h84 |
|